[Event "15th Paderborner Schachtuerken-Cup 2018"]
[Site "Paderborn"]
[Date "2018.12.30"]
[Round "7"]
[White "Vogel, Constantin"]
[Black "Meessen, Max"]
[Result "1/2-1/2"]
[WhiteElo "2068"]
[BlackElo "2208"]
[Annotator "NA"]
[PlyCount "104"]
[EventDate "2018.12.27"]
[EventType "swiss"]
[EventCountry "GER"]
[SourceTitle "playchess.com"]
[Source "ChessBase"]
[SourceQuality "1"]
[TimeControl "40/5400+30:900+30"]

1. c4 {[%emt 0:00:00]} e5 {[%emt 0:00:00]} 2. g3 {[%emt 0:00:00]} Nc6 {[%emt 0:00:00]} 3. Bg2 {[%emt 0:00:00]} Bc5 {[%emt 0:00:00]} 4. Nc3 {[%emt 0:00:11]} d6 {[%emt 0:00:00]} 5. e3 {[%emt 0:00:55]} a6 {[%emt 0:00:06]} 6. Nge2 {[%emt 0:00:07]} Ba7 {[%emt 0:00:14]} 7. d4 {[%emt 0:01:52]} h5 {[%emt 0:01:30]} 8. h3 {[%emt 0:00:38]} h4 {[%emt 0:01:40]} 9. g4 {[%emt 0:00:10]} f5 {[%emt 0:00:17]} 10. gxf5 {[%emt 0:11:49]} Bxf5 {[%emt 0:03:14]} 11. d5 {[%emt 0:04:14]} Nce7 {[%emt 0:02:05]} 12. e4 {[%emt 0:01:39]} Bg6 {[%emt 0:09:12]} 13. Bg5 {[%emt 0:03:07]} Nf6 {[%emt 0:05:37]} 14. f4 {[%emt 0:07:30]} b5 {[%emt 0:08:32]} 15. Rf1 {[%emt 0:09:08]} bxc4 {[%emt 0:09:16]} 16. fxe5 {[%emt 0:01:52]} dxe5 {[%emt 0:00:17]} 17. Qa4+ {[%emt 0:01:15]} Qd7 {[%emt 0:01:23]} 18. Qxc4 {[%emt 0:00:40]} Qd6 {[%emt 0:02:07]} 19. Rc1 {[%emt 0:15:11]} Rb8 {[%emt 0:08:13]} 20. Qa4+ {[%emt 0:09:46]} Kf7 {[%emt 0:00:38]} 21. Bf3 {[%emt 0:06:27]} Bh5 {[%emt 0:06:36]} 22. Nd1 {[%emt 0:07:12]} Bxf3 {[%emt 0:15:17]} 23. Rxf3 {[%emt 0:00:07]} Qb4+ {[%emt 0:00:08]} 24. Qxb4 {[%emt 0:00:09]} Rxb4 {[%emt 0:00:04]} 25. Nec3 {[%emt 0:07:12]} Kg6 {[%emt 0:01:52]} 26. Be3 {[%emt 0:01:26]} Bxe3 {[%emt 0:01:40]} 27. Rxe3 {[%emt 0:00:07]} Nc8 {[%emt 0:00:13]} 28. Nf2 {[%emt 0:01:49]} Rh5 {[%emt 0:01:35]} 29. Nd3 {[%emt 0:00:16]} Rd4 {[%emt 0:03:49]} 30. Ne2 {[%emt 0:00:31]} Rxe4 {[%emt 0:00:56]} 31. Rxe4 {[%emt 0:00:11]} Nxe4 {[%emt 0:00:01]} 32. Rxc7 {[%emt 0:00:12]} Rh8 {[%emt 0:04:03]} 33. Nxe5+ {[%emt 0:00:33]} Kf5 {[%emt 0:00:51]} 34. Nc6 {[%emt 0:00:27]} Kf6 {[%emt 0:03:30]} 35. Nb4 {[%emt 0:04:26]} g5 {[%emt 0:01:57]} 36. Nxa6 {[%emt 0:00:36]} g4 {[%emt 0:00:46]} 37. Nc5 {[%emt 0:01:12]} Ncd6 {[%emt 0:02:33]} 38. Nxe4+ {[%emt 0:01:04]} Nxe4 {[%emt 0:00:02]} 39. Rc2 {[%emt 0:03:01]} Ke5 {[%emt 0:01:17]} 40. Ng1 {[%emt 0:02:21]} g3 {[%emt 0:02:20]} 41. Ke2 {[%emt 0:03:12]} Kxd5 {[%emt 0:01:11]} 42. Kf3 {[%emt 0:00:59]} Rf8+ {[%emt 0:00:46]} 43. Kg2 {[%emt 0:02:26]} Kd4 {[%emt 0:03:38]} 44. Nf3+ {[%emt 0:01:46]} Ke3 {[%emt 0:03:41]} 45. Nxh4 {[%emt 0:00:33]} Kd3 {[%emt 0:00:08]} 46. Rc3+ {[%emt 0:02:38]} Nxc3 {[%emt 0:02:06]} 47. bxc3 {[%emt 0:00:06]} Rg8 {[%emt 0:00:20]} 48. Kf3 {[%emt 0:01:33]} Kxc3 {[%emt 0:00:17]} 49. a4 {[%emt 0:00:36]} Kb4 {[%emt 0:00:11]} 50. Kg2 {[%emt 0:00:05]} Rg5 {[%emt 0:00:51]} 51. Nf3 {[%emt 0:00:05]} Rg8 {[%emt 0:00:10]} 52. Nh4 {[%emt 0:00:05]} Rg5 {[%emt 0:00:03]} 1/2-1/2